| 000 | 00725cab a2200253 4500 | ||
|---|---|---|---|
| 001 | WB3446-32 | ||
| 008 | 090401t1998 xxu||||| |||| 00| 0 eng d | ||
| 035 | _a(Sirsi) u90098 | ||
| 041 | _aeng | ||
| 245 | _aReview for professions | ||
| 260 | _c1998 | ||
| 350 | _a0 | ||
| 490 |
_aFinancial Times _v2 December 1998, 13(1) |
||
| 520 | _aThe Consumers` Association has called for a review of the way professions are regulated. | ||
| 650 | _aARCHITECTS | ||
| 650 | _aCONSUMER PROTECTION | ||
| 650 | _aCONSUMERS ASSOCIATION | ||
| 650 | _aESTATE AGENTS | ||
| 650 | _aPROFESSIONS | ||
| 650 | _aSELF-REGULATION | ||
| 690 | _aMANAGEMENT-BUSINESS MANAGEMENT-PROFESSIONAL PRACTICE | ||
| 942 | _n0 | ||
| 948 | _c02/12/1998 | ||
| 999 |
_c57068 _d57068 |
||